000
00205nam a22000857a 4500
008
170208b xxu||||| |||| 00| 0 eng d
100
_9
2801
_a
NCERT
245
_a
Mathematics-XII
260
_a
New Delhi
_b
NCERT
_c
2006
999
_c
6008
_d
6008